| 000 | 00700nam a22002055i 4500 | ||
|---|---|---|---|
| 001 | 164018 | ||
| 003 | ES-MaACL | ||
| 005 | 20230906212845.0 | ||
| 008 | 991115s1895 fr |||| | fre d | ||
| 040 |
_aM-RAJU _bspa _cM-RAJU _dCCPB | B |
||
| 100 | 1 |
_aRousiers, Paul de. _9100051 |
|
| 245 | 1 | 3 |
_aLa question ouvrière en Angleterre / _cPaul de Rousiers ; avec une preface de Henri de Tourville. |
| 260 |
_aParis : _bFermin Didot et C\pie\s, _c1895. |
||
| 300 |
_aXXXI, 532 p. ; _c20 cm. |
||
| 650 | 4 |
_aTrabajadores- _zGran Bretaña. _9223934 |
|
| 700 | 1 | 1 |
_aTourville, Henri de, _epr. _9133361 |
| 752 |
_aFrancia - _dParís |
||
| 852 |
_aES-MaACL _jG-14579 _z-- Enc. hol. |
||
| 999 |
_c164018 _d164018 |
||